000 01519nam a2200337 a 4500
001 ebr10216828
003 CaPaEBR
006 m u
007 cr cn|||||||||
008 071107s2007 ne a sb 101 0 eng
010 _z 2007940962
020 _z9781586038106 (hardcover)
040 _aCaPaEBR
_cCaPaEBR
035 _a(OCoLC)648350156
050 1 4 _aK212
_b.J874 2007eb
111 2 _aJURIX 2000
_d(2007 :
_cLeiden, Netherlands)
245 1 0 _aLegal knowledge and information systems
_h[electronic resource] :
_bJURIX 2007: the twentieth annual conference /
_c[edited by] Arno R. Lodder, Laurens Mommers.
260 _aAmsterdam ;
_aWashington, DC :
_bIOS Press,
_cc2007.
300 _ax, 175 p. :
_bill.
490 1 _aFrontiers in artificial intelligence and applications ;
_vv. 165
504 _aIncludes bibliographical references and index.
533 _aElectronic reproduction.
_bPalo Alto, Calif. :
_cebrary,
_d2013.
_nAvailable via World Wide Web.
_nAccess may be limited to ebrary affiliated libraries.
650 0 _aLaw
_xMethodology
_xAutomation
_vCongresses.
650 0 _aInformation storage and retrieval systems
_xLaw
_vCongresses.
655 7 _aElectronic books.
_2local
700 1 _aLodder, Arno R.
700 1 _aMommers, Laurens,
_d1972-
710 2 _aebrary, Inc.
830 0 _aFrontiers in artificial intelligence and applications ;
_vv. 165.
856 4 0 _uhttp://site.ebrary.com/lib/rucke/Doc?id=10216828
_zAn electronic book accessible through the World Wide Web; click to view
999 _c128983
_d128983